Warriors : (Record no. 73462)
[ view plain ]
| 000 -LEADER | |
|---|---|
| fixed length control field | 01478cam a2200349 a 4500 |
| 001 - CONTROL NUMBER | |
| control field | BK0007974750 |
| 005 - DATE AND TIME OF LATEST TRANSACTION | |
| control field | 20241220130021.0 |
| 008 - FIXED-LENGTH DATA ELEMENTS--GENERAL INFORMATION | |
| fixed length control field | 080825m20089999caua j 000 0 eng d |
| 010 ## - LIBRARY OF CONGRESS CONTROL NUMBER | |
| LC control number | bl2008022295 |
| 020 ## - INTERNATIONAL STANDARD BOOK NUMBER | |
| International Standard Book Number | 9780061547942 : PAP |
| Terms of availability | 9.99 |
| 020 ## - INTERNATIONAL STANDARD BOOK NUMBER | |
| International Standard Book Number | 0061547948 : PAP |
| Terms of availability | 9.99 |
| 037 ## - SOURCE OF ACQUISITION | |
| Source of stock number/acquisition | Harpercollins Childrens Books, 53 Glenmaura National Blvd Ste 300, Moosaic, PA, USA, 18507-2132 |
| Note | SAN 200-2086 |
| 040 ## - CATALOGING SOURCE | |
| Original cataloging agency | NjBwBT |
| Transcribing agency | NjBwBT |
| Modifying agency | NjBwBT |
| 050 14 - LIBRARY OF CONGRESS CALL NUMBER | |
| Classification number | PZ7.7.J65 |
| Item number | Ws 2008 |
| 082 04 - DEWEY DECIMAL CLASSIFICATION NUMBER | |
| Classification number | 741.5/973 |
| Edition number | 22 |
| 092 ## - LOCALLY ASSIGNED DEWEY CALL NUMBER (OCLC) | |
| Classification number | 741.5973 |
| 100 1# - MAIN ENTRY--PERSONAL NAME | |
| Personal name | Jolley, Dan. |
| 9 (RLIN) | 57642 |
| 245 10 - TITLE STATEMENT | |
| Title | Warriors : |
| Remainder of title | Tigerstar & Sasha / |
| Statement of responsibility, etc | created by Erin Hunter ; written by Dan Jolley ; art by Don Hudson. |
| 246 30 - VARYING FORM OF TITLE | |
| Title proper/short title | Tigerstar & Sasha |
| 246 3# - VARYING FORM OF TITLE | |
| Title proper/short title | Tigerstar and Sasha |
| 250 ## - EDITION STATEMENT | |
| Edition statement | 1st ed. |
| 260 ## - PUBLICATION, DISTRIBUTION, ETC. (IMPRINT) | |
| Place of publication, distribution, etc | Los Angeles : |
| Name of publisher, distributor, etc | TokyoPop ; |
| Place of publication, distribution, etc | New York : |
| Name of publisher, distributor, etc | HarperCollins, |
| Date of publication, distribution, etc | c2008- |
| 300 ## - PHYSICAL DESCRIPTION | |
| Extent | v. : |
| Other physical details | chiefly ill. ; |
| Dimensions | 19 cm. |
| 505 1# - FORMATTED CONTENTS NOTE | |
| Formatted contents note | v. 1. Into the woods -- v. 2. Escape from the forest -- v. 3. Return to the Clans |
| 520 ## - SUMMARY, ETC. | |
| Summary, etc | When Sasha is forced to leave her cozy home and her human owners for life in the wild, she soon meets Tigerstar, the enigmatic leader of ShadowClan, but she does not know if she can trust him or his offer of a place with his Clan. |
| 650 #1 - SUBJECT ADDED ENTRY--TOPICAL TERM | |
| Topical term or geographic name as entry element | Cats |
| Form subdivision | Fiction. |
| 9 (RLIN) | 5674208 |
| 650 #1 - SUBJECT ADDED ENTRY--TOPICAL TERM | |
| Topical term or geographic name as entry element | Adventure and adventurers |
| Form subdivision | Fiction. |
| 9 (RLIN) | 102533 |
| 650 #1 - SUBJECT ADDED ENTRY--TOPICAL TERM | |
| Topical term or geographic name as entry element | Fantasy. |
| 650 #1 - SUBJECT ADDED ENTRY--TOPICAL TERM | |
| Topical term or geographic name as entry element | Cartoons and comics. |
| 700 1# - ADDED ENTRY--PERSONAL NAME | |
| Personal name | Hunter, Erin. |
| 700 1# - ADDED ENTRY--PERSONAL NAME | |
| Personal name | Hudson, Don, |
| Relator term | ill. |
| 9 (RLIN) | 5865393 |
| Withdrawn status | Lost status | Source of classification or shelving scheme | Damaged status | Not for loan | Collection code | Home library | Current library | Shelving location | Date acquired | Source of acquisition | Serial Enumeration / chronology | Total Checkouts | Total Renewals | Full call number | Barcode | Date last seen | Date checked out | Cost, replacement price | Price effective from | Koha item type | Checked out |
|---|---|---|---|---|---|---|---|---|---|---|---|---|---|---|---|---|---|---|---|---|---|
| Dewey Decimal Classification | Junior Graphic Novels | Wasatch County Library | Wasatch County Library | First Floor | 05/31/2022 | Amazon | #3 Warriors Manga: Tigerstar & Sasha | 17 | 10 | J GN Hunter | 34301001844648 | 01/02/2026 | 12/15/2025 | 7.99 | 05/31/2022 | BOOK | |||||
| Dewey Decimal Classification | Junior Graphic Novels | Wasatch County Library | Wasatch County Library | First Floor | 07/11/2022 | KidsReference | #3 Warriors Manga: Tigerstar & Sasha | 20 | 13 | J GN Hunter | 34301001018904 | 03/09/2026 | 03/09/2026 | 15.99 | 07/11/2022 | BOOK | 05/05/2026 |
